| 000 | 00961cam a2200205 a 4500 | ||
|---|---|---|---|
| 020 | _a9789251063248 | ||
| 020 | _a9251063249 | ||
| 040 | _cNLGGC | ||
| 082 | _a631 FOO 2009 A051 Or. | ||
| 245 | 1 | 0 | _aInduced plant mutations in the genomics era / |
| 260 |
_aRome : _bFood and Agricultural Organization of the United Nations, _c2009. |
||
| 300 |
_a458 p. : _bill. (some col.) |
||
| 500 | _aPapers presented at the International Symposium on Induced Mutations in Plants, held Aug. 12-15, 2008 at the Vienna International Centre, and organized by the International Atomic Energy Agency and the Food and Agriculture Organization, through the Joint FAO/IAEA Division of Nuclear Techniques in Food and Agriculture. | ||
| 650 | 0 | _aPlant mutation breeding | |
| 650 | 0 | _aCrops | |
| 700 | 1 | _aShu, Q. Y. | |
| 710 | 2 | _aJoint FAO/IAEA Division of Nuclear Techniques in Food and Agriculture. | |
| 856 | 4 | 1 | _uhttp://www.fao.org/docrep/012/i0956e/I0956e.pdf |
| 942 | _cEK | ||
| 999 |
_c14595 _d14595 |
||